[Event "South Wales Winter Open"]
[Site "Bridgend"]
[Date "2025.01.17"]
[Round "1"]
[Board "1"]
[White "Harris, Calum"]
[Black "Holm, Kristian Stuvik"]
[Result "0-1"]
[Annotator "Home"]
[WhiteElo "1897"]
[BlackElo "2492"]
[PlyCount "60"]
[GameId "2142361236328546"]
[EventDate "2025.01.17"]
[EventType "swiss"]
[EventRounds "5"]
[EventCountry "WLS"]

{[%evp 0,60,11,20,10,-26,25,61,21,30,29,69,11,0,4,8,2,10,6,17,18,-2,-2,0,-6,-36,-16,-45,-11,-156,-124,-191,-205,-84,-205,-188,-343,-221,-400,-247,-135,-206,-169,-209,-322,-190,-318,-240,-323,-312,-258,-384,-392,-464,-352,-366,-517,-406,-523,-619,-450,-623,-552]} 1. e4 c5 2. Nf3 Nc6 3. d4 cxd4 4. Nxd4 g6 5. Nxc6 bxc6 6. c4 Bg7 7. Nc3 d6 8. Be2 Nf6 9. O-O O-O 10. f4 Qb6+ 11. Kh1 Rb8 12. f5 Ba6 13. Rf3 Ng4 14. c5 Bxe2 15. cxb6 Bxd1 16. bxa7 Bxf3 17. axb8=Q Bxg2+ 18. Kxg2 Rxb8 19. a4 Ne5 20. a5 Nd3 21. Na4 Bd4 22. fxg6 hxg6 23. Bg5 f6 24. Rd1 Rb3 25. Bd2 Nxb2 26. Rb1 Rd3 27. Bc3 Nxa4 28. Bxd4 Rxd4 29. Ra1 Nc5 30. a6 Ra4 0-1

[Event "South Wales Winter Open"]
[Site "Bridgend"]
[Date "2025.01.17"]
[Round "1"]
[Board "2"]
[White "Toczek, Grzegorz"]
[Black "Robinson, David"]
[Result "1-0"]
[Annotator "Home"]
[WhiteElo "2239"]
[BlackElo "1881"]
[PlyCount "73"]
[GameId "2142361236328546"]
[EventDate "2025.01.17"]
[EventType "swiss"]
[EventRounds "5"]
[EventCountry "WLS"]

{[%evp 0,60,11,20,10,-26,25,61,21,30,29,69,11,0,4,8,2,10,6,17,18,-2,-2,0,-6,-36,-16,-45,-11,-156,-124,-191,-205,-84,-205,-188,-343,-221,-400,-247,-135,-206,-169,-209,-322,-190,-318,-240,-323,-312,-258,-384,-392,-464,-352,-366,-517,-406,-523,-619,-450,-623,-552]} 1. d4 d5 2. Nf3 Nf6 3. Bf4 Bf5 4. e3 e6 5. Ne5 Bd6 6. Be2 Nbd7 7. g4 Bg6 8. h4 h6 9. Nxg6 fxg6 10. Qd3 Nf8 11. Bxd6 Qxd6 12. Nd2 O-O-O 13. f4 h5 14. g5 N6d7 15. O-O-O c5 16. c3 Kb8 17. Kb1 Rc8 18. Rhf1 Nb6 19. dxc5 Qxc5 20. Qd4 Qe7 21. Bd3 Qf7 22. a4 Rc7 23. a5 Nc8 24. Nf3 Nd7 25. Ne5 Nxe5 26. fxe5 Qe8 27. e4 Ne7 28. exd5 exd5 29. e6 Qc8 30. Rde1 Nc6 31. Qxd5 Rd8 32. Qe4 Ne7 33. Rf7 Nf5 34. a6 b6 35. Bf1 Nd6 36. Rxc7 Qxc7 37. Qxg6 1-0

[Event "South Wales Winter Open"]
[Site "Bridgend"]
[Date "2025.01.17"]
[Round "1"]
[Board "3"]
[White "Fathallah, Joe"]
[Black "Thomas, Roy"]
[Result "1-0"]
[Annotator "Home"]
[WhiteElo "2036"]
[BlackElo "1837"]
[PlyCount "101"]
[GameId "2142364512735411"]
[EventDate "2025.01.17"]
[EventType "swiss"]
[EventRounds "5"]
[EventCountry "WLS"]

{[%evp 0,78,11,26,22,-7,42,43,37,38,48,49,42,46,52,51,62,50,46,34,39,37,27,9,-96,5,25,-37,47,9,21,49,56,44,51,16,100,125,109,53,53,25,65,77,84,86,86,47,95,138,122,112,136,126,151,132,253,187,185,243,289,249,330,178,249,319,357,315,354,272,82,171,283,339,278,278,429,390,432,303,160]} 1. d4 e6 2. c4 f5 3. Nf3 Nf6 4. g3 Be7 5. Bg2 O-O 6. O-O d6 7. b3 a5 8. a3 Ne4 9. Bb2 Nd7 10. Nfd2 Ndf6 11. f3 Nxd2 12. Nxd2 Bd7 13. Qc2 Qe8 14. e4 fxe4 15. Nxe4 Qh5 16. Rae1 c6 17. Qd2 Ne8 18. f4 Nc7 19. Qe2 Qxe2 20. Rxe2 Rae8 21. Rfe1 h6 22. Nc3 Bf6 23. Na4 Na8 24. c5 d5 25. Bh3 Kf7 26. Bc3 Bd8 27. Nb2 b5 28. cxb6 Bxb6 29. Nd3 Bc7 30. Nc5 Bc8 31. Bxe6+ Bxe6 32. Rxe6 Rxe6 33. Rxe6 Re8 34. Rxe8 Kxe8 35. Ne6 Bb6 36. Nxg7+ Kf7 37. Nf5 Ke6 38. Nxh6 Nc7 39. Kf1 Nb5 40. Bb2 Bxd4 41. Bc1 Bc5 42. Bd2 Bb6 43. a4 Nd4 44. Be3 Bc5 45. Bxd4 Bxd4 46. Kg2 c5 47. Kf3 c4 48. bxc4 dxc4 49. Ke4 c3 50. Kd3 Bg7 51. Ng4 1-0

[Event "South Wales Winter Open"]
[Site "Bridgend"]
[Date "2025.01.17"]
[Round "1"]
[Board "4"]
[White "Dixon, Chris"]
[Black "Musson, Adam J"]
[Result "0-1"]
[Annotator "Home"]
[WhiteElo "1784"]
[BlackElo "2017"]
[PlyCount "68"]
[GameId "2142365909348609"]
[EventDate "2025.01.17"]
[EventType "swiss"]
[EventRounds "5"]
[EventCountry "WLS"]

{[%evp 0,68,18,31,15,22,19,20,14,8,14,0,1,10,1,1,4,2,0,-2,6,5,4,5,45,-9,12,45,9,-28,3,-30,-1,-21,57,40,42,27,37,46,47,62,99,-1,84,90,73,80,77,44,65,19,68,96,116,125,114,263,71,273,51,276,72,303,122,88,88,79,72,-8,676]} 1. d4 Nf6 2. Nf3 e6 3. e3 b6 4. Bd3 Bb7 5. b3 g6 6. Bb2 Bg7 7. Nbd2 d6 8. O-O O-O 9. c4 Nbd7 10. Qc2 c5 11. Rfe1 Rc8 12. Rad1 a6 13. Qb1 Re8 14. Bc2 Qc7 15. Rc1 Qb8 16. Qa1 e5 17. d5 Qc7 18. Ng5 h6 19. Nh3 Re7 20. e4 g5 21. Kh1 Nf8 22. Nf1 Rce8 23. Ne3 Bc8 24. Ng1 Ng6 25. Ne2 Nh5 26. Ng3 Nhf4 27. Ngf5 Nh4 28. Nxe7+ Qxe7 29. g3 Nf3 30. gxf4 gxf4 31. Ng2 Bh3 32. Rg1 Qg5 33. Rcf1 Nxh2 34. Kxh2 Qh5 0-1

[Event "South Wales Winter Open"]
[Site "Bridgend"]
[Date "2025.01.17"]
[Round "1"]
[Board "5"]
[White "Pleasants, Allan J"]
[Black "Beeston, Darson"]
[Result "1-0"]
[Annotator "Home"]
[WhiteElo "1989"]
[BlackElo "1777"]
[PlyCount "69"]
[GameId "2142367014580490"]
[EventDate "2025.01.17"]
[EventType "swiss"]
[EventRounds "5"]
[EventCountry "WLS"]

{[%evp 0,67,13,23,20,-5,21,0,15,-1,5,14,5,-7,2,-33,6,7,5,1,5,9,12,-10,69,-82,-40,-49,-39,-32,49,-2,9,18,106,103,105,107,115,82,149,229,357,419,429,426,421,438,478,484,489,420,316,383,673,587,617,717,1033,562,618,559,634,744,825,726,1025,1157,897,991]} 1. Nf3 d5 2. c4 e6 3. e3 Nf6 4. b3 Be7 5. Bb2 O-O 6. Be2 b6 7. cxd5 exd5 8. O-O Bb7 9. Nc3 Nbd7 10. Rc1 Re8 11. a3 Rc8 12. b4 c5 13. Qb3 c4 14. Qa2 Bf8 15. d3 cxd3 16. Bxd3 Ne5 17. Nxe5 Rxe5 18. Ne2 Rg5 19. Bd4 Qd6 20. f4 Rh5 21. Ng3 Rh6 22. Nf5 Qe6 23. Nxh6+ gxh6 24. Rxc8 Bxc8 25. Qc2 Bg7 26. Qc7 Ng4 27. Qd8+ Bf8 28. h3 Qe7 29. Qxe7 Bxe7 30. hxg4 Bxg4 31. f5 Bd6 32. Rc1 h5 33. Rc8+ Bf8 34. Bf6 h6 35. Be7 1-0

[Event "South Wales Winter Open"]
[Site "Bridgend"]
[Date "2025.01.17"]
[Round "1"]
[Board "6"]
[White "Parri, Deio"]
[Black "Binks, Michael E"]
[Result "0-1"]
[Annotator "Home"]
[WhiteElo "1754"]
[BlackElo "1977"]
[PlyCount "66"]
[GameId "2142367971733779"]
[EventDate "2025.01.17"]
[EventType "swiss"]
[EventRounds "5"]
[EventCountry "WLS"]

{[%evp 0,54,21,35,7,19,19,25,17,17,9,16,17,17,15,34,40,40,39,52,49,24,4,187,13,177,0,43,-14,32,0,-11,2,-16,-16,-122,90,-151,-172,-172,-97,-159,-158,-216,-81,-250,-216,-240,-37,-268,43,-336,-228,-339,-181,-194,-326]} 1. d4 Nf6 2. c4 e6 3. Nc3 Bb4 4. Nf3 b6 5. e3 Bb7 6. Bd3 Ne4 7. Qc2 f5 8. O-O Bxc3 9. bxc3 O-O 10. Ba3 d6 11. Nd2 Nxd2 12. Qxd2 Nd7 13. f3 Qg5 14. Rae1 Rf6 15. Bc1 Qh5 16. e4 f4 17. g3 fxg3 18. hxg3 Rxf3 19. Rxf3 Qxf3 20. Re3 Qg4 21. Qe1 Rf8 22. Be2 Qg6 23. Bd3 e5 24. Qe2 Nf6 25. dxe5 dxe5 26. Ba3 c5 27. Bc1 Nh5 28. Qg2 Nf6 29. Re2 Rd8 30. Bc2 Ba6 31. Bb3 Rd3 32. Re3 Rxe3 33. Bxe3 Qxe4 0-1

[Event "South Wales Winter Open"]
[Site "Bridgend"]
[Date "2025.01.17"]
[Round "1"]
[Board "7"]
[White "Van Kemenade, Rudy"]
[Black "Probert, Malcolm"]
[Result "1-0"]
[Annotator "Home"]
[WhiteElo "1940"]
[BlackElo "1731"]
[PlyCount "59"]
[GameId "2136214502037461"]
[EventDate "2025.01.17"]
[EventType "swiss"]
[EventRounds "5"]
[EventCountry "WLS"]

{[%evp 0,59,11,20,40,-136,33,36,44,47,51,45,38,-52,12,12,19,-35,-18,-19,51,58,57,63,57,36,58,67,62,70,85,79,118,64,120,133,167,116,124,96,110,53,116,110,83,99,54,89,114,5,79,82,85,107,107,112,157,182,154,101,670,754]} 1. e4 d5 2. exd5 Qxd5 3. Nc3 Qd6 4. d4 (4. g3) 4... g6 (4... Nf6) 5. g3 (5. Nf3) 5... Bg7 6. Nce2 (6. Bf4 Qb6 $1 {1-2-1}) (6. Nge2 Nf6 7. Bg2) 6... Nh6 {THe N is a little displaced here} (6... Qd5 7. f3 Nc6 8. Be3 Nf6 $17) 7. Bg2 O-O 8. h3 Nf5 (8... c5 $11 {SF17}) 9. Nf3 Qd8 (9... c5 10. d5 e6 11. c4 Qa6 $11 {SF17}) 10. O-O $14 c6 11. c3 (11. g4 Nd6 12. Nf4 $16 {SF17}) 11... Nd7 12. Bf4 (12. g4 Nd6 13. Re1 $16 {SF17}) 12... Nf6 13. c4 Nd6 14. b3 Nde4 {this N keeps moving} (14... h5 $5) 15. Ne5 (15. Re1 $18 {SF17}) 15... Be6 16. g4 Nd6 17. Ng3 $18 Qc8 {tactical chances, but Wh was already looking at Nxe7 possibilities} 18. Be3 (18. Rc1) 18... Nd7 19. Nd3 f5 {inferior, so Bl strikes out} 20. Nf4 (20. d5 cxd5 21. cxd5 Bf7 22. gxf5 Nxf5 23. Nxf5 gxf5 24. Rc1 Qd8 25. Re1 $16 {SF17}) 20... Bf7 (20... Nf6 21. d5 Bf7 22. gxf5 Nxf5 23. Nxf5 gxf5 24. Qd3 $16 {SF17}) 21. c5 (21. gxf5 Nxf5 22. Nxf5 gxf5 23. d5 $16 {SF17}) 21... Ne4 22. Nxe4 fxe4 23. Bxe4 e5 $14 24. Ne2 (24. dxe5 Nxe5 25. Rc1 $14 {SF17}) 24... Rd8 (24... Nf6 25. Bg2 Nd5 $11 {SF17}) 25. Qc2 exd4 26. Bxd4 (26. Nxd4 Nf6 $11 {SF17}) 26... Bxd4 27. Nxd4 Ne5 (27... Nf6) 28. Rad1 $18 Nxg4 {hoping to pick up some pawns} 29. Nxc6 (29. Nf5 $1 {Paul Hatchett & SF17} Qe6 30. hxg4 $18) 29... Rxd1 (29... bxc6 30. Rxd8+ Qxd8 31. hxg4 Qg5 32. Bxc6 Rc8 33. Qe4 Qxc5 $14 {SF17}) 30. Ne7+ 1-0

[Event "South Wales Winter Open"]
[Site "Bridgend"]
[Date "2025.01.17"]
[Round "1"]
[Board "8"]
[White "Hatchett, Paul D"]
[Black "Morgans, Justin"]
[Result "1-0"]
[Annotator "Home"]
[WhiteElo "1934"]
[BlackElo "1777"]
[PlyCount "83"]
[GameId "2142369146368284"]
[EventDate "2025.01.17"]
[EventType "swiss"]
[EventRounds "5"]
[EventCountry "WLS"]

{[%evp 0,82,17,28,19,-5,39,-8,15,-18,-20,-25,-19,-18,-12,-11,-36,-48,4,5,43,42,38,49,58,39,52,65,15,95,115,16,100,98,119,96,147,117,162,103,118,83,138,144,159,151,181,167,226,222,202,185,128,187,178,169,-76,126,-20,165,100,100,215,234,238,260,378,221,339,109,347,147,294,316,378,402,317,354,510,397,368,404,736,814,866]} 1. d4 d5 2. Nc3 Nf6 3. Bg5 g6 4. Bxf6 exf6 5. e3 Bg7 6. Bd3 O-O 7. Qf3 c6 8. g4 Be6 9. Nge2 Nd7 10. h4 Re8 11. O-O-O b5 12. Nf4 Nf8 13. Nxe6 fxe6 14. h5 g5 15. h6 Bh8 16. Qh3 e5 17. Bf5 Qd6 18. Qh5 Re7 19. Rhf1 e4 20. f3 exf3 21. Rxf3 Ne6 22. Ne2 Rf8 23. Ng3 Qc7 24. Qh1 b4 25. Qf1 a5 26. e4 Nf4 27. Nh5 Nxh5 28. gxh5 dxe4 29. Qc4+ Rff7 30. Rff1 Qd6 31. d5 c5 32. Be6 Kf8 33. Rf5 Rb7 34. Bxf7 Rxf7 35. Qxe4 Re7 36. Qd3 Rc7 37. Re1 c4 38. Qe4 Rc8 39. Qe6 Qxe6 40. Rxe6 Rc5 41. Rc6 Rb5 42. Rc8+ 1-0

[Event "South Wales Winter Open"]
[Site "Bridgend"]
[Date "2025.01.17"]
[Round "1"]
[Board "9"]
[White "Shevchenko, Danylo"]
[Black "Turner, George"]
[Result "0-1"]
[WhiteElo "1727"]
[BlackElo "1930"]
[PlyCount "56"]
[GameId "2142371137872313"]
[EventDate "2025.01.17"]
[EventType "swiss"]
[EventRounds "5"]
[EventCountry "WLS"]

1. e4 c5 2. Nf3 d6 3. Bb5+ Nd7 4. O-O a6 5. Be2 Ngf6 6. d3 g6 7. h3 Bg7 8. c3 O-O 9. Be3 b5 10. Nbd2 Bb7 11. Nh2 d5 12. e5 Nxe5 13. Bxc5 Rc8 14. Be3 Re8 15. f4 Ned7 16. Nhf3 e5 17. fxe5 Nxe5 18. Nxe5 Rxe5 19. Bd4 Re8 20. Nb3 Rc6 21. Qd2 Rce6 22. Bf3 Nd7 23. Bg4 f5 24. Bxg7 Kxg7 25. Bf3 Ne5 26. Nc5 Nxf3+ 27. Rxf3 Re2 28. Nxb7 Qb6+ 0-1

[Event "South Wales Winter Open"]
[Site "Bridgend"]
[Date "2025.01.17"]
[Round "1"]
[Board "10"]
[White "Jukes, Sam"]
[Black "Wilkins, Zack"]
[Result "1-0"]
[WhiteElo "1910"]
[BlackElo "1687"]
[PlyCount "101"]
[GameId "2149921642823780"]
[EventDate "2025.01.17"]
[EventType "swiss"]
[EventRounds "5"]
[EventCountry "WLS"]

1. e4 e5 2. Nf3 Nc6 3. Bc4 Nf6 4. d3 h6 5. c3 d6 6. a4 a5 7. Nbd2 g6 8. O-O Bg7 9. Re1 O-O 10. Nf1 Nh5 11. h3 Kh7 12. Be3 Ne7 13. g4 Nf4 14. Bxf4 exf4 15. Qd2 g5 16. d4 Ng6 17. Qc2 Kh8 18. e5 d5 19. Ba2 Be6 20. c4 c6 21. N1d2 Qd7 22. cxd5 cxd5 23. Nh2 Rac8 24. Qd3 b6 25. Bb3 Rc6 26. Nb1 h5 27. f3 hxg4 28. Nxg4 Nh4 29. Nc3 Bf5 30. Qe2 Be6 31. Kf2 Rfc8 32. Bc2 Rc4 33. Qd3 Nf5 34. Nf6 Bxf6 35. exf6 Rxd4 36. Qe2 Ne3 37. Rac1 Nc4 38. Rcd1 Rxd1 39. Nxd1 Bf5 40. Qe7 Be6 41. Qxd7 Bxd7 42. Re7 Be6 43. Bg6 Kg8 44. Nc3 Nd6 45. Nb5 Nxb5 46. axb5 Kf8 47. Bd3 Rb8 48. Bf1 Rc8 49. Rb7 Rc2+ 50. Ke1 Rxb2 51. Rb8+ 1-0

[Event "South Wales Winter Open"]
[Site "Bridgend"]
[Date "2025.01.17"]
[Round "1"]
[Board "11"]
[White "Hanczar, Csege"]
[Black "May, Adam J"]
[Result "0-1"]
[WhiteElo "1644"]
[BlackElo "1906"]
[PlyCount "66"]
[GameId "2142725461577982"]
[EventDate "2025.01.17"]
[EventType "swiss"]
[EventRounds "5"]
[EventCountry "WLS"]

1. a3 d5 2. f4 Bg4 3. Nf3 Nd7 4. d4 e6 5. Nc3 c6 6. e3 f5 7. Be2 Bxf3 8. Bxf3 Ngf6 9. Bd2 Bd6 10. g3 Qe7 11. Qe2 a6 12. Kf2 O-O 13. Rag1 b5 14. h3 a5 15. a4 b4 16. Na2 c5 17. b3 Rac8 18. c3 Ne4+ 19. Bxe4 fxe4 20. h4 cxd4 21. cxd4 Rc2 22. Nc1 e5 23. Rd1 exd4 24. exd4 Qf6 25. Ke3 Bc5 26. Kf2 Bxd4+ 27. Kg2 e3 28. Qd3 Rxd2+ 29. Rxd2 exd2 30. Qxd2 Nb6 31. Ne2 Bc5 32. Rc1 Qe7 33. Nd4 Qe4+ 0-1

[Event "South Wales Winter Open"]
[Site "Bridgend"]
[Date "2025.01.17"]
[Round "1"]
[Board "12"]
[White "Turner, Joseph David"]
[Black "Van Kemenade, Julie"]
[Result "1-0"]
[Annotator "Van Kemenade,Rudy"]
[WhiteElo "1852"]
[BlackElo "1808"]
[PlyCount "83"]
[GameId "2136400466931746"]
[EventDate "2025.01.17"]
[EventType "swiss"]
[EventRounds "5"]
[EventCountry "WLS"]

{[%evp 0,16,19,20,42,108,26,35,37,34,28,19,32,34,28,25,42,22,28]} 1. e4 d6 2. d4 Nf6 3. Nc3 c6 4. h3 Nbd7 (4... Qa5) 5. Nf3 e5 6. Be3 {45% Wh} (6. a4 {57% Wh}) 6... Be7 (6... b5) 7. Qd2 Qc7 (7... b5) 8. g4 b5 (8... h6 9. O-O-O {2.5-0.5}) 9. a3 (9. g5 {SF17} b4 10. Nb5 (10. gxf6) 10... cxb5 11. gxf6 Nxf6 $11 {Das Chagas-Da Silva Junior, Sao Bento do Sul op, 2017,1-0}) 9... a6 (9... Nb6 10. b3 {1.5-0.5}) (9... h6 $11 {1/2-1/2}) 10. g5 (10. Bg2 a5 11. O-O O-O $11 {Martin Carmona-Steil Antoni, Titled Tuesday 2021,1-0}) 10... Nh5 11. d5 {helps Bl by stabilising the centre} (11. Be2 {SF17} g6 12. Nh2 Nb6 13. Ng4 Nd7 14. Nh6 Ng7 15. f4 $18 {Kroell-Poettinger,AUT ch tm 2016,1-0}) 11... c5 $11 12. Nh4 g6 13. Be2 Ng7 14. f4 h6 (14... exf4 15. Bxf4 f6 $15 {SF17}) 15. f5 (15. Nf3 exf4 16. Bxf4 hxg5 17. Bxg5 Bxg5 18. Nxg5 Ne5 $11 {SF17}) 15... hxg5 16. Bxg5 Qd8 (16... Rxh4 17. Bxe7 f6 18. Bxf6 Nxf6 19. Qg5 Rxe4 20. Qxf6 (20. Nxe4 Nxe4 21. Qh4 Qe7 (21... Bxf5 22. Qh8+ Kf7 23. Qxa8 Qa5+ 24. c3 Ng3 25. Rh2 Qa4 26. Qd8 Qe4 $11) 22. Qxe4 Bxf5 23. Qg2 Qh4+ 24. Qf2 Qxf2+ 25. Kxf2 Ke7 $11)) (16... Bxg5 17. Qxg5 Qd8 18. Qxd8+ Kxd8 19. Nf3 gxf5 $19 {SF17}) 17. Nf3 gxf5 $17 18. Rg1 Bxg5 19. Rxg5 Qf6 (19... Nh5 20. Nxe5 $1 (20. exf5 Nf4 21. O-O-O Nf6 22. Bf1 b4 (22... Kf8 $17) 23. Re1 bxc3 24. Qxf4 cxb2+ 25. Kb1 Bb7 26. Bc4 Qc7 27. Rg7 O-O-O $19) 20... Nxe5 21. Bxh5 b4 22. axb4 cxb4 23. Ne2 Qf6 24. Qf4 b3 25. O-O-O bxc2 26. Kxc2 Rb8 $17 {SF17}) 20. exf5 $11 Nh5 (20... Ke7 $11) 21. Ne4 (21. O-O-O Nf4 22. Ne4 Qe7 23. f6 Nxe2+ (23... Nxf6 24. Nxd6+ Qxd6 25. Rxe5+ Kd8 26. Qxf4 $18) 24. Qxe2 Nxf6 25. Rxe5 (25. Nxc5 Rh5 26. Kb1 $16) 25... dxe5 26. d6 Qd8 27. Nxc5 Kf8 28. Nxe5 Bxh3 29. Qf2 Rh5 30. Nc6 Ne4 31. Nxe4 Qh4 32. Ng3 Rg5 33. d7 Rxg3 34. d8=Q+ Rxd8 35. Nxd8 (35. Rxd8+ Kg7 $11) 35... Qh6+ 36. Kb1 Qh5 37. Qd4 Rf3 38. Ka2 Rf1 39. Rd3 Rf3 40. Rd2 $18 {SF17}) 21... Qe7 22. O-O-O Ndf6 (22... Nhf6) 23. Nxf6+ (23. Nxc5 Nf4 24. Bd3 Rxh3 25. Nxe5 dxe5 26. d6 Rxd3 27. Nxd3 Qxd6 28. Qh2 N4d5 29. Nxe5 Bb7 30. Qg3 O-O-O $11 {Sf17}) 23... Nxf6 $11 24. Qa5 Ne4 (24... Rb8 $15) (24... c4 $11) 25. Bxb5+ $16 Bd7 (25... Kf8 26. Rgg1 $16) (25... axb5 26. Qxa8 Qb7 27. Qxb7 Bxb7 28. Rg7 Kf8 29. Ng5 Kxg7 30. Nxe4 Rd8 31. b4 cxb4 32. axb4 $16 {SF17}) 26. Bxd7+ (26. f6 $1 Nxf6 27. Bc6 Rd8 28. Re1 Rh5 29. h4 Rxg5 30. hxg5 Nh7 31. Qxa6 Kf8 32. Qc4 Bf5 33. Rg1 Bg6 34. Nh4 $18) 26... Qxd7 27. Rg2 Qxf5 (27... Nf6 28. Rg7 Nh5 29. Rgg1 Nf6 30. Rge1 $18 {Sf17}) 28. Qa4+ (28. Rf1 Qxh3 29. Rgg1 Qd7 30. Nh4 Nf6 31. Ng6 Rh6 32. Rxf6 Rxg6 33. Rgxg6 fxg6 34. Rxg6 $18 {SF17}) 28... Ke7 $11 29. Nd2 Nxd2 30. Rgxd2 Qxh3 $11 (30... Rxh3 $11) 31. Rd3 Qd7 32. Qe4 f5 33. Qg2 Rag8 34. Rg3 Rxg3 {SF17} (34... Qe8 $2 {Rudy} 35. Rg7+ Kd8 36. Rg1 $18) (34... Qd8 35. Rg7+ $18) 35. Qxg3 Kd8 $11 36. Qg5+ (36. Qd3 f4 (36... Qc8 37. Rg1 f4 38. Rg6 Rh1+ 39. Kd2 Rh2+ 40. Kd1 Qh3 41. Qxh3 Rxh3 42. Rxd6+ Kc8 43. Re6 Rh5 44. Re7 $11) 37. Qxa6 $11 {SF17}) 36... Kc7 $19 37. Qf6 Rh7 38. Rf1 Rf7 (38... f4) 39. Qh8 Kb7 (39... Qd8 40. Qh5 Qf6 $19 {Rudy & SF17}) 40. Rf3 f4 $2 (40... Ka7 41. Rb3 Qc7) (40... c4 41. b3 Qc8 42. Qh6 Qc5 43. bxc4 f4 $17) 41. Rb3+ Kc7 42. Qb8# 1-0

[Event "South Wales Winter Open"]
[Site "?"]
[Date "2025.01.18"]
[Round "2.1"]
[White "Holm, Kristian Stuvik"]
[Black "Van Kemenade, Rudy"]
[Result "1-0"]
[Annotator "Van Kemenade,Rudy"]
[WhiteElo "2492"]
[BlackElo "1940"]
[PlyCount "43"]
[GameId "2149921642836073"]
[EventDate "2025.01.21"]

{[%evp 0,10,11,29,22,12,44,2,44,35,37,73,42]} 1. d4 Nf6 2. c4 e5 3. dxe5 Ng4 4. e4 h5 5. h3 Nxe5 6. g3 $146 {[%emt 0:00:17] played before by Holm; SF16 &} Bc5 {SF17} (6... h4 7. f4 Ng6 8. g4 Bb4+ 9. Nc3 Bxc3+ 10. bxc3 Nc6 11. Bg2 $16 {SF17}) (6... g5 {livechess, no games} 7. Nc3 Bb4 8. Qc2 Nbc6 9. Be3 b6 10. O-O-O Bxc3 11. Qxc3 Qe7 12. Nf3 f6 13. Nxe5 Qxe5 14. Qxe5+ Nxe5 15. f4 Nf7 16. Bd4 Rh6 17. h4 $16 {SF17}) 7. Nc3 a6 (7... a5 {would have been better for later}) (7... h4 8. g4 g5 9. Nf3 Nxf3+ 10. Qxf3 d6 11. Bg2 $16 {SF17}) 8. f4 Nec6 9. Nf3 d6 10. Be2 g6 (10... h4 11. g4 b5 {his SF16 also} 12. cxb5 axb5 13. Bxb5 O-O 14. Kf1 Bb7 15. Kg2 Ne7 16. Re1 $16 {SF17}) 11. b3 $18 Nd7 12. Bb2 Rg8 13. Nd5 (13. a3 a5 14. Qd2 Ba7 15. O-O-O Nc5 16. Qc2 a4 17. b4 Nb3+ 18. Kb1 Ncd4 19. Qd3 c6 20. Nxa4 $18 {SF17}) 13... Nb4 14. Nc3 (14. Kf1 {one of Wh's ideas}) 14... Nf6 (14... a5 15. a3 Na6 {[%emt 0:00:17] SF16 &} 16. Qd2 $18 {SF17}) (14... g5 $5 {Holm, & pm analysis} 15. a3 (15. Nxg5 $2 Rxg5 16. fxg5 Qxg5 $19) (15. fxg5 Rxg5 16. a3 Nc6 17. b4 Ba7 18. Nxg5 Qxg5 19. Nd5 Qxg3+ 20. Kd2 Nd4 21. Kc1 $18) 15... gxf4 (15... Nc6 16. b4 Ba7 17. Qd2 (17. Nxg5) 17... gxf4 18. gxf4 Rg2 19. O-O-O $18) 16. axb4 Bxb4 17. gxf4 Qf6 18. Qc1 Nc5 19. Kd1 Bxc3 20. Bxc3 Qe7 21. Qc2 Qxe4 22. Qxe4+ Nxe4 23. Be1 Bd7 24. Ng5 $18 {SF17}) 15. a3 Nc6 16. b4 Ba7 17. Qd3 (17. Qd2 {SF17}) (17. e5 {SF16} Nh7 (17... dxe5 18. fxe5 Qxd1+ 19. Rxd1 Nd7 20. c5 Nf8 21. Nd5 Ne6 22. Bc1 $18)) 17... a5 (17... Qe7 18. Nd5 {SF16 &17} Nxd5 19. cxd5 Nd8 20. O-O-O f6 21. Kb1 $18) 18. Nd5 Nxd5 19. cxd5 Nb8 20. Ng5 Na6 $2 (20... f6 {considered, may be best} 21. Ne6 Bxe6 22. dxe6 Qe7 23. Qb3 (23. f5 Nc6 24. Qd5 {looked too good for Wh}) 23... Nc6 24. O-O-O O-O-O 25. b5 Nb8 26. f5 gxf5 27. exf5 d5 28. g4 (28. Bxh5 {not very for Bl at all})) 21. Qc3 Bd7 22. Nh7 {with his win in his next game Wh reached the 2,500 he needed for his GM title.} 1-0